000 00346nam a22001217a 4500
999 _c3077
_d3077
005 20200930104633.0
008 200930b ||||| |||| 00| 0 eng d
020 _a0333902025
040 _cCML
245 _aWelcome to Temptation.
_cCrusie, J.
260 _aLondon
_bMacmillan Publishers Ltd
_c2000
942 _2ddc
_cBK
_h813.6
_mCRU